Langues européennes les plus parlées - Statistiques

Statistiques générales
  • Ce quiz a été pris 84 fois
  • Le résultat moyen est 27 sur 44
Statistiques - réponses
Millions de locuteurs Réponse % Correct
45M Espagnol
99%
72,5M Français
99%
60M Anglais
97%
100M Allemand
96%
10M Portugais
96%
21,9M Néerlandais
93%
9,2M Suédois
93%
60M Italien
92%
82M Russe
92%
13,4M Grec
86%
4,7M Norvégien
85%
23,8M Roumain
85%
9M Serbe
85%
32,6M Ukrainien
85%
38,6M Polonais
83%
5,7M Croate
82%
5,5M Danois
82%
12,6M Hongrois
82%
8,1M Bulgare
81%
10,6M Tchèque
81%
10M Turc
79%
5,2M Slovaque
78%
5,4M Finnois
75%
2M Slovène
74%
1,1M Estonien
71%
3M Lituanien
71%
1,7M Letton
69%
5,3M Albanais
65%
10M Catalan
57%
3,3M Biélorusse
56%
1,4M Macédonien
56%
2,2M Bosnien
49%
5,9M Arménien
36%
4,2M Géorgien
36%
1,2M Sarde
22%
4,7M Sicilien
22%
5,7M Napolitain
14%
2,3M Galicien
13%
1,6M Piémontais
8%
3,9M Lombard
6%
1,5M Scots
6%
3,8M Vénitien
6%
1,5M Yiddish
6%
1,6M Limbourgeois
1%
Aucun quiz correspondant
Distribution des résultats
% des personnes avec chaque résultat
Percentile par nombre de réponses
Votre historique - résultats
Vous n’avez pas pris ce quiz